000 01080nam a22003257a 4500
001 0008277
003 KOHA_MİRAKIL
005 20260207001629.0
007 ta
008 091009b1991 tu |||gr||||#0|||0|tur |
020 _a9751603870
_qtk. 9751603889
_qc.1
_q 9751603897
_qc.2
_q 9751603943
_q(c.4)
_cTL5
040 _aTR-BiSEU
_btur
_cTR-BiSEU
_erda
041 0 _atur
044 _ctu
050 _aDR403
_b.A82 1991
245 1 _aAtatürk Konferansları 4 :
_b1970.
264 1 _aAnkara :
_bTürk Tarih Kurumu
_c1991
300 _a8 c., 205 sayfa: resimli; 23 cm.
336 _ametin
_btxt
_2rdacontent
337 _aaracısız
_bn
_2rdamedia
338 _acilt
_bnc
_2rdacarrier
490 1 _aAtatürk Kültür,Dil ve Tarih Yüksek Kurumu Türk Tarih Kurumu Yayınları ;
_vXVII.
490 1 _adizi- sayı 4-1.
650 0 _aTürkiye--Tarih.
_94893
650 0 _aTurkey--History.
_95455
830 1 _aAtatürk Kültür,Dil ve Tarih Yüksek Kurumu Türk Tarih Kurumu Yayınları ;
_vXVII.
_914135
830 1 _adizi- sayı 4-1.
_920552
907 _aTarih
942 _2lcc
_cBK
999 _c8249
_d8249